Music Quiz

Random Music or Song Quiz

Name 'The' Song (Audio Clips) Quiz Stats

 Plays Quiz not verified by Sporcle

Challenge
Share
Tweet
Score 0/70 Timer 17:00
0 Plays Today
Time Song % Correct
2:29 - 2:37The Final Countdown
81%
1:26 - 1:32The Twist
78.3%
5:07 - 5:16The Joker
66.6%
3:16 - 3:24The Way You Make Me Feel
61.7%
7:45 - 7:51The Boys Are Back in Town
61.5%
3:10 - 3:16The Boys of Summer
61.4%
4:36 - 4:44The Safety Dance
61.1%
6:51 - 6:59The Sounds of Silence
60.9%
0:16 - 0:23The Sign
60.5%
3:33 - 3:40The Middle
60.2%
1:44 - 1:52The Devil Went Down to Georgia
59.9%
0:53 - 1:00The Tide Is High
57.4%
4:24 - 4:30The Hustle
55.7%
1:32 - 1:38The Scientist
55%
4:01 - 4:09The Power of Love
53.8%
3:40 - 3:46The Longest Time
50.8%
0:00 - 0:08The Winner Takes It All
48.1%
6:25 - 6:31The Gambler
47.9%
1:00 - 1:07The Bad Touch
47.4%
2:51 - 2:57The Pretender
45%
0:39 - 0:46The Long and Winding Road
42.4%
4:51 - 4:59The Rose
38.1%
2:37 - 2:45The Rockafeller Skank
38%
1:52 - 1:59The End
37.3%
6:18 - 6:25The One I Love
36.3%
1:13 - 1:20The Distance
35.5%
0:23 - 0:30The Weight
34.9%
3:03 - 3:10The Wind Cries Mary
32.9%
7:58 - 8:07The Freshmen
32.9%
6:38 - 6:44The Warrior
31.5%
2:22 - 2:29The Long Run
31%
6:09 - 6:18The Zephyr Song
30.5%
2:13 - 2:22The Times They Are A-Changin'
30.2%
4:59 - 5:07The Impression That I Get
30.2%
2:45 - 2:51The Chain
30%
Time Song % Correct
5:22 - 5:29The Man Who Sold the World
29.1%
2:57 - 3:03The Heat Is On
29%
4:44 - 4:51The Unforgiven
28.2%
2:06 - 2:13The Reflex
27%
7:07 - 7:15The Stroke
26.4%
4:30 - 4:36The Night the Lights Went Out in Georgia
25.9%
7:15 - 7:21The Streak
24.4%
6:02 - 6:09The Show Must Go On
23.5%
7:29 - 7:38The Logical Song
23.5%
6:59 - 7:07The River
22.4%
0:08 - 0:16The Look of Love
22%
5:16 - 5:22The Game
20.5%
4:09 - 4:17The Wreck of the Edmund Fitzgerald
19.9%
1:59 - 2:06The Next Episode
19.3%
8:14 - 8:20The Seeker
19%
6:31 - 6:38The Spirit of Radio
18.4%
3:54 - 4:01The Ocean
17.9%
5:36 - 5:45The Whole World
15.7%
1:38 - 1:44The World I Know
14.8%
1:20 - 1:26The Flame
14.5%
0:46 - 0:53The New Pollution
12.6%
7:21 - 7:29The Best of Times
12%
8:20 - 8:30The Needle and the Damage Done
11.7%
1:07 - 1:13The Jean Genie
11.4%
5:29 - 5:36The Horse
10.1%
8:07 - 8:14The Cisco Kid
10.1%
3:46 - 3:54The Model
9.5%
7:38 - 7:45The Happening
8.4%
7:51 - 7:58The House is Rockin'
8.3%
6:44 - 6:51The Zoo
5.9%
4:17 - 4:24The Ballad of Curtis Loew
5.8%
3:24 - 3:33The Rapper
4.6%
0:30 - 0:39The Warmth of the Sun
4.4%
5:45 - 5:54The Last DJ
4.2%
5:54 - 6:02The Peanut Vendor
1.3%

You're not logged in!

Compare scores with friends on all Sporcle quizzes.
OR
Log In

You Might Also Like...

Show Comments

Extras

Top Quizzes Today


Score Distribution

Your Account Isn't Verified!

In order to create a playlist on Sporcle, you need to verify the email address you used during registration. Go to your Sporcle Settings to finish the process.

Report this User

Report this user for behavior that violates our Community Guidelines.

Details: